000 00647nam a2200205Ii 4500
003 JO-AjNU
008 230605s9999||||xx |||||||||||||| ||und||
040 _aJO-AjNU
_bara
_erda
_cJO-AjNU
041 _aara
050 1 4 _aJQ3881.B32.1973
100 3 _a بدوى، ثروت ،1973,
_eauthor
_946666
245 0 0 _aموجز القانون الدستوري
250 _a(د،ط)
264 3 1 _aالقاهرة : دار النهضة العربية ، 1973
300 _a191ص
336 _atext
_btxt
_2rdacontent
337 _aunmediated
_bn
_2rdamedia
338 _avolume
_bnc
_2rdacarrier
650 4 _aقانون دستوري -- مصر
_946667
999 _aA20319
_c23887
_d23887